Central Library, Doon University
WEBOPAC (ONLINE PUBLIC ACCESS CATALOGUE)

Bioinformatics Functional Genomics (Record no. 60064)

MARC details
000 -LEADER
fixed length control field 00644nam a22002417a 4500
005 - DATE & TIME
control field 20260122155727.0
008 - FIXED-LENGTH DATA ELEMENTS--GENERAL INFORMATION
fixed length control field 260122b |||||||| |||| 00| 0 eng d
020 ## - ISBN
International Standard Book Number 9789354641633
Price 3995.00
040 ## - CATALOGING SOURCE
Original cataloging agency Doon University
041 ## - Language
Language Hindi
082 ## - DDC NUMBER
Classification number 570.285
Book Number JON
100 ## - MAIN ENTRY--PERSONAL NAME
Personal name Jonathan Pevsner
245 ## - TITLE STATEMENT
Title Bioinformatics Functional Genomics
250 ## - EDITION STATEMENT
Edition statement 3rd
260 ## - PUBLICATION, DISTRIBUTION, ETC. (IMPRINT)
Place of publication, distribution, etc New Delhi
Name of publisher, distributor, etc Wiley
Date of publication, distribution, etc 2022
300 ## - PHYSICAL DESCRIPTION
Pages 1050
650 ## - Subject
Subject Environment Science
700 ## - Added Entry Personal Name
Added Entry Personal Name Aditya, Kumar
700 ## - Added Entry Personal Name
Added Entry Personal Name Bhuyan, Suresh
700 ## - Added Entry Personal Name
Added Entry Personal Name Meena, Sumer Singh
700 ## - Added Entry Personal Name
Added Entry Personal Name Yella, Venkata Rajesh
942 ## - ADDED ENTRY ELEMENTS (KOHA)
Koha item type Books
100 ## - MAIN ENTRY--PERSONAL NAME
-- 26011
650 ## - Subject
-- 310
700 ## - Added Entry Personal Name
-- 26012
700 ## - Added Entry Personal Name
-- 26013
700 ## - Added Entry Personal Name
-- 26014
700 ## - Added Entry Personal Name
-- 26015
952 ## - LOCATION AND ITEM INFORMATION (KOHA)
-- 2026-01-22
952 ## - LOCATION AND ITEM INFORMATION (KOHA)
-- 2026-01-22
952 ## - LOCATION AND ITEM INFORMATION (KOHA)
-- 2026-01-22
Holdings
Withdrawn status Lost status Source of classification or shelving scheme Damaged status Not for loan Location (home branch) Sublocation or collection (holding branch) Date acquired Koha issues (times borrowed) Koha full call number Accession No. Koha date last seen Koha item type
          Doon University Doon University 22.01.2026   570.285 JON 51753 22.01.2026 Books
          Doon University Doon University 22.01.2026   570.285 JON 51754 22.01.2026 Books
          Doon University Doon University 22.01.2026   570.285 JON 51755 22.01.2026 Books
Contact : +91-135-2533126 (Library),+91-135-2533105 (Admin Office) , Email : doonlibrary@gmail.com

Powered by Koha